Statistics for Pink Floyd Members and Albums

Click here to take the quiz!

General Stats

  • This quiz has been taken 200 times
  • The average score is 16 of 19

Answer Stats

Answer% Correct
Roger Waters
94%
David Gilmour
91%
The Dark Side of the Moon
91%
The Wall
91%
Syd Barrett
88%
Animals
87%
Richard Wright
87%
Nick Mason
86%
The Division Bell
85%
Wish You Were Here
85%
Meddle
81%
Piper At the Gates of Dawn
80%
Ummagumma
79%
The Final Cut
78%
A Saucerful of Secrets
76%
Atom Heart Mother
75%
More
72%
Obscured By Clouds
71%
A Momentary Lapse of Reason
69%

Score Distribution

Percentile by Number Answered

Percent of People with Each Score

Your Score History

You have not taken this quiz